Sociálno-ekonomický rozvoj a inštitucionálny mechanizmus v regiónoch Slovenska (Na príklade okresov)
Všeobecné predpoklady formovania inštitucionálnej štruktúry. Inštitucionálne usporiadane podnecujúce reštrukturalizáciu ekonomiky v regiónoch.
Gespeichert in:
| 1. Verfasser: | |
|---|---|
| Weitere Verfasser: | |
| Format: | Buchkapitel |
| Sprache: | Slowakisch |
| Schlagworte: | |
| Tags: |
Keine Tags, Fügen Sie das erste Tag hinzu!
|
MARC
| LEADER | 00000naa a2200000 4500 | ||
|---|---|---|---|
| 001 | r048929 | ||
| 005 | 20230918082333.6 | ||
| 041 | 0 | |a slo | |
| 044 | |a SK | ||
| 245 | 1 | 0 | |a Sociálno-ekonomický rozvoj a inštitucionálny mechanizmus v regiónoch Slovenska |b (Na príklade okresov) |c Alžbeta Ivaničková, Viera Vlčková |
| 520 | |a Všeobecné predpoklady formovania inštitucionálnej štruktúry. Inštitucionálne usporiadane podnecujúce reštrukturalizáciu ekonomiky v regiónoch. | ||
| 610 | 2 | 0 | |a reformy štruktúrne |
| 610 | 2 | 0 | |a rozvoj sociálny |
| 610 | 2 | 0 | |a regióny |
| 610 | 2 | 0 | |a inštitúcia |
| 610 | 2 | 0 | |a transformácia |
| 610 | 2 | 0 | |a politika regionálna |
| 610 | 2 | 0 | |a reštrukturalizácia |
| 610 | 2 | 0 | |a Slovensko |
| 100 | 1 | |a Ivaničková, Alžbeta | |
| 700 | 1 | |a Vlčková, Viera | |